Supersportives de GTA 5 - Statistiques

Statistiques générales
  • Ce quiz a été pris 57 fois
    14 depuis la dernière actualisation
  • Le résultat moyen est 18 sur 60
Statistiques - réponses
Marque Modèle % Correct
Progen T20
92%
Truffade Adder
75%
Överflöd Entity MT
75%
Överflöd Entity XF
75%
Överflöd Entity XXR
75%
Pegassi Zentorno
67%
Coil Rocket Voltic
58%
Truffade Thrax
58%
Truffade Nero
50%
Truffade Nero custom
50%
Pegassi Osiris
50%
Coil Voltic
50%
Coil Cyclone
42%
Coil Cyclone II
42%
Grotti Turismo Omaggio
42%
Grotti Turismo R
42%
Pfister 811
33%
Vapid Bullet
33%
Benefactor Krieger
33%
Annis RE-7B
33%
Annis S80RR
33%
Pegassi Tezeract
33%
Överflöd Autarch
25%
Grotti Cheetah
25%
Progen Emerus
25%
Emperor ETR1
25%
Vapid FMJ
25%
Pegassi Ignus
25%
Pegassi Ignus armée
25%
Pegassi Infernus
25%
Progen Itali GTB
25%
Progen Itali GTB custom
25%
Karin Sultan RS
25%
Cheval Taipan
25%
Pegassi Torero XO
25%
Dewbauchee Vagner
25%
Ocelot XA-21
25%
Bravado Banshee 900R
17%
Dewbauchee Champion
17%
Principe Deveste Eight
17%
Grotti Furia
17%
Progen GP1
17%
Benefactor LM87
17%
Pegassi Reaper
17%
Übermacht SC1
17%
Pegassi Vacca
17%
Grotti Vigilante
17%
Ocelot Virtue
17%
Grotti Visione
17%
Grotti X80 Proto
17%
Pegassi Zorrusso
17%
Ocelot Penetrator
8%
Överflöd Pipistrello
8%
Declasse Scramjet
8%
Överflöd Suzume
8%
Pegassi Tempesta
8%
Lampadati Tigon
8%
Överflöd Tyrant
8%
Progen Tyrus
8%
Överflöd Zeno
8%
Aucun quiz correspondant
Distribution des résultats
% des personnes avec chaque résultat
Percentile par nombre de réponses
Votre historique - résultats
Vous n’avez pas pris ce quiz depuis la dernière actualisation